|
|
|
|
| LEADER |
00672nab a2200181 i 4500 |
| 001 |
misc9971 |
| 005 |
20191106143342.0 |
| 008 |
170607s1919 hu o 0|| hun d |
| 022 |
|
|
|a 0025-0260
|
| 040 |
|
|
|a SZTE Miscellanea Repozitórium
|b hun
|
| 041 |
|
|
|a hun
|
| 100 |
1 |
|
|a Szitnyai Elek
|
| 245 |
1 |
0 |
|a Életfilozófia és nevelés
|h [elektronikus dokumentum] /
|c Szitnyai Elek
|
| 260 |
|
|
|c 1919
|
| 300 |
|
|
|a 10-23
|
| 490 |
0 |
|
|a Magyar pedagógia : a Magyar Tudományos Akadémia Pedagógiai Bizottságának folyóirata
|v 28
|
| 695 |
|
|
|a Életfilozófia, Életfilozófia, Egyéniség nevelése
|
| 856 |
4 |
0 |
|u http://misc.bibl.u-szeged.hu/9971/1/mp_1919_2693_010-023.pdf
|z Dokumentum-elérés
|